War Autofill w/ Google #1 - Statistics

General Stats
  • This quiz has been taken 18 times
  • The average score is 8 of 46
Answer Stats
Entered Text Rank Answer % Correct
Treaty Of 2 Versailles
88%
Treaty Of 1 Paris
59%
Treaty Of (6) Paris 1763
59%
Treaty Of (5) Paris 1783
59%
War Of 1 1812
47%
Occupation Of 7 France
47%
Occupation Of 3 Germany
47%
Massacre Of 4 Nanking
35%
Battle Of 6 The Bulge
35%
Battle Of 4 Gettysburg
29%
Occupation Of 2 Japan
24%
Siege Of 3 Leningrad
24%
Battle Of 5 Midway
24%
War Of 2 the Roses
24%
Treaty Of 4 Ghent
18%
Occupation Of 6 Palestine
18%
Battle Of 10 Antietam/ Sharpsburg
12%
Siege Of 6 Boston
12%
Battle Of 3 Bunker Hill
12%
Siege Of 2 Vienna
12%
Massacre Of 1 Wounded Knee (Creek)
12%
Occupation Of 4 Wounded Knee (Creek)
12%
Battle Of 1 Yorktown
12%
Siege Of 4 Yorktown
12%
Massacre Of 3 1622
6%
Occupation Of 1 Alcatraz
6%
Massacre Of 5 Black Wall Street/ Greenwood/ Tulsa race
6%
Massacre Of 2 Glencoe/ Glen Coe
6%
Treaty Of 8 Greenville
6%
Treaty Of 7 Guadalupe Hidalgo
6%
War Of 3 Independence (American Revolutionary War)
6%
Battle Of 8 Lexington and Concord
6%
Occupation Of 8 Philadelphia
6%
Battle Of 9 (the) Little Bighorn
6%
Occupation Of 10 The Rhineland
6%
Treaty Of 3 Tordesillas
6%
Treaty Of 9 Westphalia
6%
Treaty Of 10 Fort Laramie
0%
Battle Of 2 Saratoga
0%
Siege Of 1 Savannah
0%
Massacre Of 6 St. Bartholomew/ St. Bartholomew's Day
0%
Occupation Of 5 The Ruhr
0%
Battle Of 7 Trenton
0%
Occupation Of 9 Veracruz
0%
Massacre Of 7 Verden
0%
Siege Of 5 Vicksburg
0%
No matching quizzes found
Score Distribution
Percent of People with Each Score
Percentile by Number Answered
Your Score History
You have not taken this quiz